000 01460nam a22002897a 4500
001 00005251
003 DO-SdBNP
005 20180314130514.0
007 00005251
008 160512b 2011 dr a xxu||||| |||| 00| 0 spa d
020 _a9789945173635
040 _aBPMSU
_bspa
_cBPMSU
092 _axxxx
_bxxxx
245 1 0 _aGeología y medio ambiente :
_beducación media /
_cHoracio Arredondo...[et al] ; dirección editorial Cristina Amiama Espaillat ; coordinación editorial Mónica Volonteri ; ilustración A. Blasco...[et al].
246 1 _aGeología y medio ambiente :
_bnivel medio
260 _aSanto Domingo :
_bSM,
_c2011.
300 _a296 p. :
_bil., retrs. ;
_c29 cm.
504 _aBibliografía : p. 272
505 0 _tLa tierra en el universo --
_tDiversidad de minerales y rocas --
_t El relieve cambia de un lugar a otro --
_tContinentes inquietos --
_tTectónica de placas --
_tVolcanes y terremotos --
_tConsecuencias del movimiento de placas --
_tLa edad de la tierra --
_tEl suelo --
_tEcosistemas --
_tTipos de ecosistemas --
_tBiodiversidad vegetal --
_tBiodiversidad animal --
_tRecursos naturales --
_tAnexos --
_tMapas geológico --
_tDiccionario científico.
700 1 _aArredondo, Horacio
700 1 2 _aAmiama Espaillat, Cristina,
_edir. ed.
700 1 _aVolonteri, Mónica
700 1 2 _aBlasco, A,
_eil.
942 _2ddc
_cBK
945 _aRemanejado para la BNPHU / 2018 BT
956 _2LOPEREZ
_310
_620161305
_8BPMSU
_a00041
999 _c10126
_d10126